Focus (Record no. 75981)
[ view plain ]
| 000 -LEADER | |
|---|---|
| fixed length control field | 00979cab a2200217 4500 |
| 001 - CONTROL NUMBER | |
| control field | ##L131190 |
| 008 - FIXED-LENGTH DATA ELEMENTS--GENERAL INFORMATION | |
| fixed length control field | 051005n2005 000 0 eng u |
| 035 ## - SYSTEM CONTROL NUMBER | |
| System control number | (Sirsi) u131190 |
| 041 0# - LANGUAGE CODE | |
| Language code of text/sound track or separate title | eng |
| 100 1# - MAIN ENTRY--PERSONAL NAME | |
| Personal name | Scott, Lucy |
| 245 00 - TITLE STATEMENT | |
| Title | Focus |
| Remainder of title | Czech Republic, Poland and Hungary |
| 260 3# - PUBLICATION, DISTRIBUTION, ETC. | |
| Date of publication, distribution, etc. | 2005 |
| 490 #0 - SERIES STATEMENT | |
| Series statement | Estates Gazette |
| Volume/sequential designation | (0539) 1 October 2005, 83-93(10) |
| 520 ## - SUMMARY, ETC. | |
| Summary, etc. | Covers aspects of the commercial property investment market in middle and eastern Europe: international investors turn to Germany as rents fall and yields rise; foreign investment funds flock to catch the growing market opportunities, particularly in retail, to be found in Poland, the Czech Republic and Hungary; and longer-term investment in Bulgaria, Romania and Russia. |
| 590 ## - LOCAL NOTE (RLIN) | |
| Local note | IKA111005 |
| 690 ## - LOCAL SUBJECT ADDED ENTRY--TOPICAL TERM (OCLC, RLIN) | |
| Topical term or geographic name as entry element | PROPERTY-COMMERCIAL PROPERTY-COMMERCIAL PROPERTY FINANCE AND INVESTMENT |
| 700 1# - ADDED ENTRY--PERSONAL NAME | |
| Personal name | Cunningham, Daniel |
| 700 1# - ADDED ENTRY--PERSONAL NAME | |
| Personal name | Knutt, Elaine |
| 700 1# - ADDED ENTRY--PERSONAL NAME | |
| Personal name | Kivlehan, Noella Pio |
| 942 ## - ADDED ENTRY ELEMENTS (KOHA) | |
| Suppress in OPAC | 0 |
| Withdrawn status | Lost status | Source of classification or shelving scheme | Damaged status | Not for loan | Home library | Current library | Shelving location | Date acquired | Total Checkouts | Full call number | Barcode | Date last seen | Copy number | Price effective from | Koha item type |
|---|---|---|---|---|---|---|---|---|---|---|---|---|---|---|---|
| Dewey Decimal Classification | London | London | Journal article | 05/10/2005 | L131190 | 131190-1001 | 06/08/2019 | 1 | 06/08/2019 | Journal article |